ŚWIĘTA, W KTÓRYCH OBOWIĄZUJE DZIEŃ WOLNY OD PRACY: - Statystyki

Ogólne statystyki
  • Ten quiz został rozwiązany 72 razy
  • Średni wynik to 4 z 6
Statystyki odpowiedzi
Odpowiedź % Poprawnych
WIELKANOC
94%
BOŻE NARODZENIE
92%
WSZYSTKICH ŚWIĘTYCH
55%
TRZECH KRÓLI
53%
ŚWIĘTO PRACY
44%
DZIEŃ NIEPODLEGŁOŚCI
27%
Nie znaleziono quizów pasujących do podanych kryteriów
Rozkład punktacji
Procent ludzi z każdym wynikiem
Percentyl według liczby udzielonych odpowiedzi
Twoja historia wyników
Nie rozwiązałeś tego quizu